000 00729nam a2200193Ii 4500
003 JO-AjNU
008 230605s9999||||xx |||||||||||||| ||und||
040 _aJO-AjNU
_bara
_erda
_cJO-AjNU
041 _aara
050 1 4 _aDS38.1 I2658 1985
100 3 _aبن طاووس، احمد بن موسى بن جعفر؛ تحقيق وتقديم السامرائي، ابراهيم,
_eauthor
_920454
245 0 0 _aبناء المقالة الفاطمية في نقض الرسالة العثمانية
264 3 1 _aعمان: دار الفكر، 1985
300 _a271ص
336 _atext
_btxt
_2rdacontent
337 _aunmediated
_bn
_2rdamedia
338 _avolume
_bnc
_2rdacarrier
650 4 _aعثمانيون - تاريخ
_920455
999 _aA6935
_c10503
_d10503